000 00727nam a2200205Ia 4500
003 GCL
008 140319s9999 xx 000 0 ara d
040 _aGCL /
_cGCL
082 0 4 _a791.43
_bم س
100 1 _aمحمد عبيدو
245 1 0 _aالسينما الصهيونية شاشة للتضليل /
_cمحمد عبيدو
250 _aالاولى
260 _aسوريا :
_bدار كنعان للدراسات والنشر ،
_c2004
300 _a103 ص ؛
_c20 سم
490 _aالمكتبة السينمائية
_v6
650 0 4 _aالسينما - الجوانب السياسية
650 0 4 _aالسينما - اسرائيل
650 0 4 _aالسينما - الجوانب الاخلاقية
942 _2ddc
_cBK
999 _c7369
_d7369